[Event "African Online-ch Open 2021"]
[Site "Online"]
[Date "2021.02.01"]
[Round "7.3"]
[White "Bellahcene, Bilel"]
[Black "Paiva, Donaldo"]
[Result "1-0"]
[WhiteElo "2510"]
[BlackElo "2230"]
[Annotator "TA"]
[PlyCount "89"]
[EventDate "2021.02.01"]
[EventType "swiss"]
[EventCountry "NET"]
[SourceTitle "playchess.com"]
[Source "ChessBase"]
[SourceQuality "1"]

{[%evp 9,89,0,0,0,37,64,59,60,147,56,74,76,70,29,35,31,104,108,122,110,121,116,109,0,0,0,28,32,111,71,69,70,84,82,81,77,83,56,83,64,64,0,79,63,70,-7,24,38,70,0,33,35,152,89,103,0,0,0,438,455,442,456,477,462,460,454,452,471,528,502,472,497,501,460,477,477,481,473,516,448,560,455]} 1. d4 Nf6 2. Bf4 c5 3. e3 g6 4. Nc3 Bg7 5. Be2 O-O 6. Qd2 {[#] A45: Trompowsky Attack.} a6 $146 ({Predecessor:} 6... cxd4 7. exd4 d5 8. Bh6 Nc6 9. Bxg7 Kxg7 10. O-O-O Bf5 11. Kb1 Nb4 12. Rc1 Rc8 {1-0 (33) Dunn,A (2033)-Hymer,B (1777) Doncaster 2017}) 7. dxc5 Nc6 8. e4 {White is slightly better.} b6 {[#]} (8... d6 $14) 9. cxb6 (9. e5 $1 $16 {[%cal Re5f6]} Ne8 10. Bf3) 9... Qxb6 $14 10. e5 Ne8 11. Na4 Qc7 12. e6 Be5 ({Black should play} 12... d6 $14) 13. exf7+ $16 Rxf7 14. Bxe5 Nxe5 15. Nf3 Bb7 {[%cal Re5f3] [#]} 16. O-O-O ({White has to play} 16. Nxe5 $1 $16 Qxe5 17. f3) 16... Nxf3 $11 17. Bxf3 Bxf3 18. gxf3 Nd6 (18... e6 $14) 19. Rhe1 Rc8 20. Nc3 Qb7 {aiming for ...Nc4!} 21. Qd5 Qxd5 22. Nxd5 Kf8 23. Re3 Rc6 24. a4 a5 25. Rb3 (25. b3 $14) 25... Rf5 (25... e6 $11 {keeps the balance.}) 26. Rb8+ $16 Kf7 27. Rd3 ({Better is} 27. Rd8 $14) 27... Rc5 28. Nb6 Rh5 29. b3 (29. h3 $1 $14) 29... Rxh2 30. Nxd7 Rg5 ({Black should try} 30... Rc7 $14 31. Ne5+ Kg7) 31. Rd2 $36 {[%mdl 2048] White has strong initiative.} h5 32. f4 (32. Kb2 $16) 32... Rg1+ $11 33. Kb2 {Threatens to win with Ne5+.} h4 $2 {[%mdl 8192]} (33... Rhh1 $1 $11 {and Black has nothing to worry.} 34. Re2 Nf5) 34. Ne5+ $18 {White is clearly winning.} Kg7 35. Nf3 $1 {[%csl LRg1,LRh2][%mdl 64] Double Attack} Rhh1 {Hoping for ...Rb1+.} 36. Nxg1 Rxg1 {[%mdl 4096] Endgame KRR-KRN} 37. Rd3 Rh1 38. b4 h3 39. bxa5 {a6 is the strong threat.} Nc4+ 40. Kc3 Nxa5 41. Re8 Nc6 {intending ...Ra1.} 42. Rc8 Na5 43. Rc5 Nb7 44. Rc7 {[%mdl 64] Double Attack} Nd6 45. Rxd6 {Weighted Error Value: White=0.22/Black=0.47} 1-0

[Event "African Online-ch Open 2021"]
[Site "Online"]
[Date "2021.02.01"]
[Round "7.4"]
[White "Wanyama, Harold"]
[Black "Ortega Amarelle, Mariano"]
[Result "1/2-1/2"]
[WhiteElo "2312"]
[BlackElo "2463"]
[Annotator "TA"]
[PlyCount "126"]
[EventDate "2021.02.01"]
[EventType "swiss"]
[EventCountry "NET"]
[SourceTitle "playchess.com"]
[Source "ChessBase"]
[SourceQuality "1"]

{[%evp 9,126,-20,-13,-9,-7,-27,0,-11,-3,-21,0,-20,-17,-25,-6,-40,0,-28,-18,-25,-28,-23,-22,-21,0,-16,0,-55,-42,-33,-20,-21,37,43,41,24,33,33,52,25,35,23,83,0,58,-8,0,-8,23,0,0,0,0,-2,-6,0,0,0,0,-23,-22,-22,-22,-25,-25,-39,-40,-54,-50,-53,-53,-60,-60,-66,-66,-80,-80,-80,-80,-96,-81,-96,-66,-75,-57,-191,-190,-182,-29,-227,-227,-226,-203,-205,-29,-29,-29,-35,-33,-34,-34,-36,-25,-25,-25,-25,-25,-28,-17,-29,-29,-34,-35,-40,0,-25,-25,-25,-25]} 1. d4 Nf6 2. c4 e6 3. Nc3 Bb4 4. Qc2 O-O 5. g3 d5 6. cxd5 {E32: Nimzo-Indian: Classical (4 Qc2): 4...0-0.} exd5 7. Bg2 c6 8. Nf3 {The position is equal.} Re8 9. O-O Bd6 10. b3 Bg4 11. Bb2 Nbd7 {[%cal Bb8d7,Bd7f8,Bf8g6][%mdl 32] [#]} 12. Rfe1 $146 ({Predecessor:} 12. e3 Qe7 13. Rfc1 h6 14. Re1 Qe6 15. Nd2 Bh3 16. Bh1 Bf5 17. Qc1 Ne4 18. Ncxe4 dxe4 {0-1 (39) Vodyasov,E (2248)-Ivanov,T (2433) Novosibirsk 2003}) 12... Nf8 13. Na4 Ng6 14. Nc5 Qc8 15. Rac1 Bf5 16. Qd1 a5 17. a3 Ne4 18. Nd3 (18. Nd2 $11) 18... f6 19. Nd2 h5 20. Nxe4 Bxe4 (20... dxe4 $11 21. Nc5 Bxc5 22. Rxc5 Ne7) 21. f3 $1 $14 {[%cal Rf3e4]} Bf5 22. e4 dxe4 23. fxe4 Bg4 24. Qd2 h4 25. e5 fxe5 26. dxe5 (26. d5 $1 $16) 26... Be7 {[#]} (26... Bc7 $11) 27. Nc5 ({White should try} 27. Bd5+ $1 $14 Be6 28. Be4) 27... hxg3 28. hxg3 Qd8 29. Qc3 {And now Qc4+ would win.} Bxc5+ 30. Qxc5 Be6 31. Be4 Qg5 32. Qe3 Qxe3+ 33. Rxe3 Ne7 34. Bd4 (34. Rd1 {seems wilder.} Nf5 35. Red3 Nh6 36. R1d2 Nf7 37. Bc3) 34... Nf5 35. Bxf5 Bxf5 36. Bc5 Rad8 37. Bb6 Rd5 38. Rce1 Be6 39. b4 a4 40. Bc5 Kf7 41. Rf1+ Kg6 42. Rf8 Rxf8 43. Bxf8 $17 {[%mdl 4096] Endgame KRB-KRB} Rd2 44. Kf1 Ra2 45. Ke1 Rh2 46. Rd3 Rh8 47. Rd6 {[#]} Kf7 $1 $19 ({Don't take} 47... Rxf8 48. Rxe6+ Kf7 49. Rd6 $17) 48. Bxg7 Rg8 (48... Rh3 $19 49. Kf2 Rh2+ 50. Ke1 Ra2) 49. Bf6 $2 (49. Bh6 $11) 49... Rxg3 50. b5 cxb5 51. Rb6 Bc4 $2 (51... Rxa3 $19 {White must now prevent ...Ra1+.} 52. Rxb7+ Kg6) 52. Rxb7+ $11 Ke6 53. Rb6+ $1 Kf5 54. Be7 Re3+ 55. Kd2 Rxe5 56. Bb4 Rd5+ 57. Kc2 Rd7 58. Rd6 Rh7 (58... Rc7 {is interesting.} 59. Rd4 Ke5 60. Bc3 Ke6 61. Bb4 Bf1+) 59. Rd8 Rh2+ 60. Rd2 Rh3 61. Rd8 Rh2+ 62. Rd2 Rxd2+ 63. Kxd2 Ke4 {And White is the lucky defender.  Weighted Error Value: White=0.25/Black=0.21} 1/2-1/2

[Event "African Online-ch Open 2021"]
[Site "Online"]
[Date "2021.02.01"]
[Round "7.5"]
[White "Kayonde, Andrew"]
[Black "Bouzidi, Ahmed"]
[Result "0-1"]
[WhiteElo "2393"]
[BlackElo "2163"]
[Annotator "TA"]
[PlyCount "98"]
[EventDate "2021.02.01"]
[EventType "swiss"]
[EventCountry "NET"]
[SourceTitle "playchess.com"]
[Source "ChessBase"]
[SourceQuality "1"]

{[%evp 13,98,8,17,11,16,12,14,-23,-31,-29,-18,-25,10,17,23,-78,-82,-108,-97,-140,-137,-134,-134,-111,-29,-56,-43,-148,-130,-168,-142,-150,-150,-250,-250,-233,-250,-240,-233,-297,-307,-316,-317,-323,-318,-316,-248,-239,-243,-252,-187,-187,-177,-176,-39,-173,-152,-153,-153,-153,-146,-135,-27,-35,0,-8,0,-8,0,0,0,-8,-8,-8,-6,-275,-296,-281,-259,-237,-230,-308,-293,-5210,-2626,-1854,-1367]} 1. d4 Nf6 2. Bg5 d5 3. e3 Nbd7 4. Nf3 e6 5. Bd3 Be7 6. Nbd2 c5 {6...b6 is the hot move.} 7. c3 a6 8. Ne5 {D03: 1 d4 d5 2 Nf3 Nf6 3 Bg5, including Torre Attack with early ...d5.} Nxe5 9. dxe5 Nd7 10. Bf4 {[#] The position is equal.} g5 $146 ({Predecessor:} 10... c4 11. Bc2 Qc7 12. Qg4 g6 13. Qg3 b6 14. h4 Bb7 15. Ba4 O-O-O 16. Bxd7+ Qxd7 {½-½ (46) Petric,M (2106)-Jakovljevic,Z (2150) Belgrade 2011}) 11. Bg3 h5 12. h3 b5 (12... h4 $5 13. Bh2 $8 Qb6 $11) 13. O-O Bb7 14. e4 (14. Be2 $11) 14... c4 $17 15. Bc2 Nc5 16. Qe2 d4 17. cxd4 Qxd4 18. Rab1 g4 (18... Nd3 $17 {Strongly threatening ...h4.} 19. Bxd3 cxd3) 19. Rfd1 Nd3 {[%mdl 64] Double Attack} 20. h4 (20. hxg4 $15 h4 21. Bh2) 20... O-O-O (20... Nxb2 $6 21. Rxb2 Qxb2 22. Nxc4 $11) 21. b3 Qc3 $36 {[%mdl 2048] Black is on the roll.} 22. Bxd3 Qxd3 23. Qxd3 (23. Qe1 $17 Bc5 24. Bf4) 23... Rxd3 $19 ({Less strong is} 23... cxd3 24. b4 $17) 24. bxc4 Rhd8 25. Bf4 bxc4 26. Kh2 Kb8 ({Much less strong is} 26... Bxh4 27. Rdc1 $19) 27. Rdc1 Rxd2 28. Bxd2 Rxd2 {[%mdl 64] Double Attack} 29. Rxc4 Bxh4 30. Rcb4 Rd7 31. f3 Be7 32. Ra4 gxf3 33. gxf3 Rd3 (33... Ka7 $19 34. Rc4 Bg5) 34. Kg3 (34. Rxa6 $1 $15 Bg5 35. Rab6 Bf4+ 36. Kh3) 34... h4+ 35. Kg4 Ka7 36. Rc4 Bd8 37. Rcc1 Rd2 (37... Kb8 $17 38. Rd1 Rxd1 39. Rxd1 Kc8) 38. Rd1 $11 Rg2+ 39. Kh5 Bb6 40. Rd6 $1 {[%cal Rd6b6]} Be3 (40... Bc7 $5 41. Rd7 $8 Bb6 $11) 41. Rd7 Bb6 {aiming for ...h3.} 42. Rd6 Bc7 43. Rd7 Kb8 44. Rxf7 $2 {[%mdl 8192]} (44. Kxh4 $11 {and White is okay.} Rxa2 45. Rxf7) 44... h3 $19 {White must now prevent ...h2.} ({Weaker is} 44... Rxa2 45. Kxh4 Ra5 46. f4 $11) 45. Rf8+ Ka7 {...h2 is the strong threat.} 46. Rf7 {[#]} Bb6 47. a4 {Hoping for a5!} h2 {And now ...Rg1 would win.} 48. a5 $2 {[#]} (48. Rh1 Bg1 49. Re7) 48... Rg1 $1 {[%cal Rh2h1]} 49. axb6+ Kb8 {[%cal Rh2h1] Weighted Error Value: White=0.47/Black=0.22} 0-1

[Event "African Online-ch Open 2021"]
[Site "Online"]
[Date "2021.02.01"]
[Round "7.6"]
[White "Seddaoui, Yamine"]
[Black "Zaibi, Amir"]
[Result "1/2-1/2"]
[WhiteElo "2127"]
[BlackElo "2381"]
[Annotator "TA"]
[PlyCount "101"]
[EventDate "2021.02.01"]
[EventType "swiss"]
[EventCountry "NET"]
[SourceTitle "playchess.com"]
[Source "ChessBase"]
[SourceQuality "1"]

{[%evp 9,101,11,38,25,90,83,109,-20,-12,-13,0,-8,0,0,3,0,0,-24,0,0,20,6,23,14,18,-17,0,-10,44,35,86,83,88,76,72,72,131,141,213,208,196,80,98,32,8,18,27,3,6,-34,27,42,94,44,43,-65,0,-28,112,-281,4,0,0,0,0,0,0,0,0,0,0,0,0,0,0,0,0,0,4,0,3,0,0,0,0,0,0,0,0,0,0,0,0,0]} 1. e4 c5 2. Nc3 e6 3. Nf3 a6 4. d4 cxd4 5. Nxd4 Qc7 6. Qf3 {B43: Sicilian: Kan Variation: 5 Nc3.} b5 (6... Nf6 $11) 7. Bf4 $1 $16 {[%cal Rf4c7]} d6 8. Bg3 {[#]} (8. O-O-O $1 $16) 8... b4 $146 ({Predecessor:} 8... Bb7 9. a3 Nf6 10. Bh4 Be7 11. O-O-O Nbd7 12. Bd3 Rc8 13. Qe2 Ne5 14. Bg3 O-O {0-1 (39) Yilmaz,A-Koca,C (1643) Antalya 2020}) 9. Nd1 (9. Nd5 $2 exd5 10. exd5 Be7 $19) 9... Bb7 10. Bd3 h5 11. h3 Nd7 (11... h4 $5 12. Bh2 $8 Nd7 $11) 12. O-O Ngf6 (12... h4 $5 13. Bh2 $8 Ngf6 $11) 13. Qe2 h4 14. Bh2 e5 15. Nb3 Be7 16. Ne3 g6 ({But not} 16... Bxe4 $2 17. Bxe4 Nxe4 18. Nd5 $18) 17. Ng4 Nxg4 18. Qxg4 Rh5 (18... a5 $11) 19. c3 Rg5 (19... a5 $14) 20. Qe2 $16 bxc3 21. Rac1 Qb6 22. Rxc3 f5 (22... d5 $142) 23. Kh1 Nf6 (23... fxe4 $16 {is a better defense.} 24. Bxe4 Qb5 25. Qxb5 Bxe4) 24. f4 $18 exf4 {[%cal Rf5e4]} 25. Bxf4 (25. Nd2 $1 $18 {has better winning chances.}) 25... Nh5 26. Bb1 (26. Bc2 $16 Nxf4 27. Rxf4 {[%mdl 64] Double Attack}) 26... Nxf4 $14 27. Rxf4 {[%mdl 64] Double Attack} Qb5 28. Qf2 {And now Rc7 would win.} Bf6 29. Re3 {[%cal Re4f5]} O-O-O (29... Kf8 $15) 30. Rxh4 $11 Kb8 (30... Rd7 $14) 31. Bd3 Qb6 32. Bf1 ({White should play} 32. Rh7 $14) 32... Be5 (32... fxe4 $15 33. Qxf6 Rf5) 33. Rh7 {[#] aiming for Na5!} Bxe4 {[#]} (33... Rg3 $1 $11 {keeps the balance.} 34. Re2 Qxf2 35. Rxf2 Rc8 36. exf5 gxf5) 34. Nd2 $2 {[%mdl 8192] [#]} (34. Qe1 $1 $16 {Black must now prevent Na5.} Rh5 35. Rxh5 gxh5 36. Nd2) 34... Rg3 $1 {[%mdl 512]} 35. Re2 {The position is equal.} (35. Nf3 Bxf3) 35... Qxf2 36. Rxf2 Bd5 (36... d5 {with more complications.} 37. Bxa6 Rd6 38. Bb5 Re3 39. Rf1 Bxb2 40. Nxe4 dxe4 41. Rb1 Rd2) 37. Nf3 Bxf3 (37... Rh8 {seems wilder.} 38. Rxh8+ Bxh8 39. Bxa6 Bxa2 40. Rd2 Kc7) 38. Rxf3 Rxf3 39. gxf3 {[%mdl 4096] Endgame KRB-KRB} a5 40. b3 d5 41. Re7 Bf4 42. Re6 g5 43. Bd3 Rc8 44. Rb6+ Kc7 45. Rb5 Kd6 46. Bxf5 Rc1+ 47. Kg2 a4 48. bxa4 Rc4 49. Rb2 Rxa4 50. Kf2 Ra3 51. Bb1 {Weighted Error Value: White=0.37/Black=0.28} 1/2-1/2

[Event "African Online-ch Open 2021"]
[Site "Online"]
[Date "2021.02.01"]
[Round "7.7"]
[White "Oatlhotse, Providence"]
[Black "Amdouni, Zoubaier"]
[Result "0-1"]
[WhiteElo "2190"]
[BlackElo "2229"]
[Annotator "TA"]
[PlyCount "152"]
[EventDate "2021.02.01"]
[EventType "swiss"]
[EventCountry "NET"]
[SourceTitle "playchess.com"]
[Source "ChessBase"]
[SourceQuality "1"]

{[%evp 23,152,42,29,32,31,2,18,14,37,0,8,0,0,-11,0,-11,-11,-14,-14,-15,-15,-14,-14,-22,-20,-26,-17,-24,-16,-26,-25,-24,0,-18,0,-23,-18,-25,-27,-45,-45,-53,-45,-61,-62,-149,-62,-174,-48,-56,0,-156,0,-110,-110,-170,-166,-129,-127,-136,-137,-233,-156,-183,-29,-412,-408,-349,-273,-256,-254,-597,-270,-264,-271,-271,-225,-263,-250,-243,-221,-259,-255,-455,-454,-554,-460,-822,-456,-5731,-1823,-29962,-29964,-29955,-4786,-29955,-29944,-1825,-976,-29981,-29982,-29982,-29983,-29985,-29980,-29986,-29987,-29987,-29988,-29988,-29989,-29989,-29990,-29990,-29991,-29991,-29992,-29992,-29993,-29993,-29994,-29994,-29993,-29995,-29993,-29996,-29996,-29997,-29998,-29998,-29999]} 1. Nf3 d5 2. g3 Nf6 3. Bg2 c6 4. c4 e6 5. O-O Nbd7 6. Qc2 Bd6 7. d4 O-O 8. Nbd2 e5 9. cxd5 cxd5 10. dxe5 Nxe5 11. Nxe5 Bxe5 12. Nf3 Bd6 13. Be3 {E01: Catalan: Early deviations.} Re8 14. Rfd1 {[#]} Rxe3 $146 ({Predecessor:} 14... Bg4 15. Nd4 Qd7 16. Qb3 Be5 17. Nf3 Bd6 18. Rac1 b6 19. Rd2 Rac8 20. Qd1 Rxc1 21. Qxc1 {1-0 (50) Torres Sanchez,J (2275)-Fenollar Jorda,M (2237) Spain 2004}) 15. fxe3 {The position is equal.} Qe7 16. Qc3 Bd7 17. Rac1 Re8 18. Nd4 Ng4 19. Rd3 Nxe3 20. Rxe3 Qxe3+ 21. Qxe3 Rxe3 22. Bxd5 b6 23. Kf2 Re5 24. Bf3 Bc5 25. e3 h5 26. a3 a5 27. Rc3 a4 28. Ne2 Rf5 29. Nd4 Rf6 30. Kg2 g6 31. Rd3 Rd6 32. h3 Kf8 33. g4 h4 34. Rd1 (34. Be4 $15) 34... Ke7 ({Black should try} 34... f5 $1 $17 35. gxf5 gxf5) 35. Kf2 (35. Be4 $15) 35... Kf6 ({Black should play} 35... f5 $1 $19 36. gxf5 gxf5) 36. Be2 Ke7 (36... Kg7 $15) 37. Bf3 $1 $17 Kf8 $2 (37... f5 $1 $17 {aiming for ...f4!} 38. Ke2 f4) 38. Be2 (38. Kg2 $11) 38... f5 39. gxf5 (39. Nf3 $17 {was called for.}) 39... gxf5 $19 40. Nf3 Rxd1 41. Bxd1 $17 {[%mdl 4096] Endgame KBB-KBN} f4 $1 42. Nxh4 (42. Ne5 $17 fxe3+ 43. Kf3) 42... Bxe3+ 43. Kf3 {[#]} Kg7 (43... Kf7 $1 $19 {Strongly threatening ...Bd4.} 44. Bc2 Bc1) 44. Kg2 $2 {[%mdl 8192] This costs White the game.} (44. Bxa4 $1 $11 Bxa4 45. Nf5+ Kf6 46. Nxe3 fxe3 47. Kxe3) 44... Bc1 $19 45. b3 axb3 ({Not} 45... Bxa3 46. bxa4 Bc6+ 47. Nf3 $17) 46. Bxb3 Bxa3 47. Kf3 $2 (47. Nf3 {is a better chance.}) 47... Bc1 (47... Be7 $142 48. Ng2 Bc6+ 49. Kxf4 Bxg2) 48. Ng2 Bc6+ ({Stronger than} 48... Bxh3 49. Nxf4 Bd7 50. Ke4 $11) 49. Kf2 Kf6 50. Ne1 Be3+ 51. Ke2 Bc5 52. Bc2 b5 53. Nd3 $2 (53. Nf3 {was necessary.}) 53... f3+ 54. Kf1 Be3 55. Bd1 (55. Nb4 $142 Bb7 56. h4) 55... Kf5 56. h4 (56. Ke1 $142) 56... Bd5 57. Bc2 Bc4 58. Ke1 Kg4 59. Ne5+ {[#]} Kg3 $1 60. Nxc4 bxc4 {KB-KB} 61. Kf1 Kxh4 {Black mates.} 62. Be4 Kg3 63. Bc2 Kf4 64. Bd1 Bd4 65. Ba4 Ke3 66. Ke1 f2+ 67. Kf1 Kd2 68. Bb5 c3 69. Ba4 c2 70. Bxc2 Kxc2 71. Ke2 Bc5 72. Kf1 Kd1 73. Kg2 Ke1 74. Kh2 f1=Q {[%cal Rc5d6]} 75. Kg3 Qf5 76. Kh2 Kf2 {[%cal Rf5h7] Weighted Error Value: White=0.95/Black=0.36} 0-1

[Event "African Online-ch Open 2021"]
[Site "Online"]
[Date "2021.02.01"]
[Round "7.8"]
[White "Pascoal, Eduardo A"]
[Black "Miguel, Sergio"]
[Result "1/2-1/2"]
[WhiteElo "2184"]
[BlackElo "2377"]
[Annotator "TA"]
[PlyCount "108"]
[EventDate "2021.02.01"]
[EventType "swiss"]
[EventCountry "NET"]
[SourceTitle "playchess.com"]
[Source "ChessBase"]
[SourceQuality "1"]

{[%evp 11,108,34,73,36,49,30,37,-2,5,5,-6,-4,0,-37,-48,-38,-40,-49,-10,-20,-7,-19,0,0,20,10,14,-81,-83,-88,0,0,2,-66,-56,-59,-49,-41,-17,-35,-45,-38,-19,-34,-38,-30,-6,-23,-22,-28,-14,-25,-9,-78,0,0,0,-22,65,59,42,23,19,0,100,43,67,13,45,54,44,8,8,0,0,0,0,0,0,0,0,0,0,0,0,0,0,0,0,0,0,0,0,0,0,0,0,0,0]} 1. d4 d5 2. Nf3 Bf5 3. c4 e6 4. Nc3 c6 5. Qb3 Qb6 6. c5 Qc7 7. g3 {D11: Slav Defence: 3 Nf3 sidelines and 3...Nf6 4 e3 Bg4.} (7. Bf4 $5 {[%cal Rf4c7]} Qc8 8. Nh4 $16) 7... Nd7 8. Bf4 Qc8 {[#]} 9. h3 $146 {White is slightly better.} ({Predecessor:} 9. Nh4 Bg4 10. h3 Bh5 11. g4 Bg6 12. Nxg6 hxg6 13. e3 Ngf6 14. Bg2 Be7 15. O-O {½-½ (43) Lajthajm,B (2460)-Tosic,M (2481) Budva 2004}) 9... Ngf6 10. g4 Bg6 11. Bg2 Be7 12. Ne5 Nxe5 13. Bxe5 O-O 14. O-O b6 15. cxb6 axb6 16. Qxb6 Nd7 17. Qc7 c5 18. dxc5 Bxc5 19. e3 (19. Qxc8 $11 Rfxc8 20. Bg3) 19... Nxe5 $17 20. Qxe5 {[#] White wants to play Nxd5!} f6 (20... Qb7 $1 $17 {[%cal Rb7b2]} 21. b3 Be7) 21. Qf4 $11 Rb8 22. b3 (22. Rac1 $11) 22... Ba3 {[%mdl 1024] Black has compensation.} 23. Na4 Rb4 24. Qg3 Qc6 25. Rfd1 Kh8 26. Rd4 Rb7 27. Rad1 Bd6 28. f4 Bb8 29. Kh1 f5 30. Rc4 Qb5 31. Rcc1 Bd6 32. Qe1 (32. g5 $11 {keeps the balance.}) 32... Bb4 ({Black should play} 32... Ba3 $17) 33. Qf1 Qa5 34. Qe2 Be8 (34... Rc7 $11) 35. gxf5 $14 Rxf5 36. Rc8 Rf8 37. e4 {[%cal Re4d5]} dxe4 {[#]} (37... Bxa4 $11 {remains equal.} 38. Rxf8+ Bxf8 39. bxa4 Qxa4) 38. Qxe4 (38. Bxe4 $6 Rbf7 $11) (38. Rdd8 $1 $16 {[%cal Rd8e8]} Rc7 39. Ra8 (39. Bxe4 Rxc8 40. Rxc8 Bxa4 $15) (39. Qxe4 Bd6 $11)) 38... Rbf7 39. Rdd8 ({White should try} 39. Qxe6 $14 Rf6 40. Qe5 Bxa4 41. Rxf8+ Rxf8 42. Qxa5 (42. bxa4 Qxa4 43. Rd4 Qa3 $11) 42... Bxa5 43. Rd5 (43. bxa4 Rxf4 44. Bc6 g6 $14) 43... Bxb3 44. Rxa5 (44. axb3 Be1 $14)) 39... Bxa4 (39... Bd7 {seems wilder.} 40. Rxf8+ Rxf8 41. Ra8 Rxa8 42. Qxa8+ Qxa8 43. Bxa8 e5) 40. Rxf8+ Rxf8 41. Rxf8+ (41. Qxe6 {looks sharper.} Bc6 42. Rxc6 Qxa2 43. Rc8 Qf2 44. Qf5) 41... Bxf8 {The position is equal.} 42. Qxa4 (42. bxa4 {with more complications.} Qd2 43. Kh2 Qxa2 44. h4 Kg8 45. Kg3) 42... Qe1+ 43. Kh2 Qf2 44. Qe4 h6 45. Qxe6 (45. a4 {is interesting.} Bd6 46. Kh1 Bc5 47. Qa8+ Kh7 48. Be4+) 45... Qxf4+ 46. Kh1 Qc1+ 47. Kh2 Qf4+ 48. Kh1 Qc1+ 49. Kh2 Qd2 50. Qe8 Qf4+ 51. Kh1 Qc1+ 52. Kh2 Qf4+ 53. Kh1 Qc1+ 54. Kh2 Qf4+ {Weighted Error Value: White=0.20/Black=0.18} 1/2-1/2

[Event "African Online-ch Open 2021"]
[Site "Online"]
[Date "2021.02.01"]
[Round "7.9"]
[White "Mwashe, Philip"]
[Black "Simoes, Joao"]
[Result "0-1"]
[WhiteElo "1756"]
[BlackElo "2228"]
[Annotator "TA"]
[PlyCount "112"]
[EventDate "2021.02.01"]
[EventType "swiss"]
[EventCountry "NET"]
[SourceTitle "playchess.com"]
[Source "ChessBase"]
[SourceQuality "1"]

{[%evp 9,112,47,67,32,67,64,66,52,56,47,48,46,84,60,68,52,70,52,58,29,52,36,59,0,0,0,30,-23,4,0,0,-28,0,0,0,-89,47,45,47,21,45,26,13,0,27,4,54,25,95,106,90,-601,-603,-669,-410,-416,-416,-416,-409,-351,-218,-200,-204,-185,15,16,312,-349,-331,-333,-250,-222,0,0,0,0,0,0,0,0,0,0,0,0,0,0,0,0,0,11,400,406,414,-450,-400,-5097,-5102,-29979,-29980,-29979,-29980,-29987,-29988,-29992,-29993]} 1. e4 d5 2. exd5 Qxd5 3. d4 Nf6 4. Nf3 Bg4 5. Be2 e6 6. a3 {B01: Scandinavian Defence.} c6 7. c4 Qd6 8. Nc3 {White is slightly better.} Nbd7 {[#]} 9. h3 $146 ({Predecessor:} 9. Qb3 Qc7 10. Be3 Bd6 11. Rc1 O-O 12. h3 Bh5 13. O-O Rfe8 14. d5 Bc5 15. Bxc5 Nxc5 {½-½ (54) Molnar,J (2166)-Nagyajtai,G (2157) Hungary 2015}) 9... Bh5 10. Be3 a5 11. Qd2 Qc7 12. O-O Be7 13. Rac1 O-O 14. Rfe1 (14. Bf4 $5 {[%cal Rf4c7]} Bd6 15. Bxd6 Qxd6 16. Rfe1 $14) 14... Rfd8 15. g4 Bg6 16. Bd3 ({White should try} 16. Bf4 $14 Bd6 17. Bxd6 Qxd6 18. Qe3) 16... Bxd3 $11 17. Qxd3 Nf8 18. Ne4 ({Better is} 18. g5 Nh5 19. Qe4) 18... Ng6 19. Nxf6+ Bxf6 20. Qe4 (20. g5 $5 {[%cal Rg5f6]} Be5 21. Nxe5 Nxe5 {[%mdl 64] Pin} 22. Qe4 $11) 20... Qd7 21. h4 Be7 ({Not} 21... Nxh4 $2 22. Nxh4 Bxh4 23. g5 $18) 22. h5 {[#]} (22. g5 $11) 22... Nf8 (22... f5 $1 $17 23. Qd3 (23. Qc2 fxg4) 23... fxg4) 23. Ne5 $36 {[%mdl 2048] Black is under pressure.} Qe8 24. g5 f5 25. gxf6 Bxf6 26. Qg4 c5 (26... Bxe5 $5 27. dxe5 Rd3 $11) 27. Kg2 cxd4 28. Bxd4 Rxd4 29. Qxd4 $16 Qxh5 30. f4 $2 {[%mdl 8192]} (30. Qe4 $16) 30... Ng6 $19 {[%cal Bf8g6,Bg6h4,Bh4f3][%mdl 32]} 31. Qe4 Nh4+ 32. Kf2 Bxe5 33. fxe5 Rf8+ 34. Ke3 Qg5+ 35. Kd3 Nf3 {[%csl Gf3][%cal Rg5d2][%mdl 1024] Black has strong compensation.} 36. Red1 {[#]} Qg2 $2 ({Worse is} 36... Nxe5+ 37. Kc2 $11) (36... Nd2 $1 $19 {[%cal Rd2e4][%mdl 512]} 37. Rxd2 Rd8+ 38. Kc2 Rxd2+ 39. Kb3 Qg3+ 40. Ka2 Qg2 41. Qxg2 Rxg2) 37. Kc3 $11 b5 $2 {[%mdl 8192]} (37... Qg5 $11 {and Black has nothing to worry.}) 38. Qc2 $4 {[%mdl 8192]} (38. cxb5 $18 {is the narrow road to win. Threatens to win with b6.} Qg3 39. Qd3) 38... Qg3 $19 39. Rd3 {Kb3 would now be nice for White.} Qxe5+ 40. Kb3 {[#]} Nd4+ $2 (40... Ne1 $1 $19 {[%cal Re1c2]} 41. Rxe1 bxc4+ 42. Qxc4 Qxe1) 41. Rxd4 $1 $11 Qxd4 42. cxb5 {[%mdl 4096] Endgame KQR-KQR} a4+ 43. Ka2 Qd5+ 44. Qc4 Rb8 45. Qxd5 exd5 {KR-KR} 46. Rc5 h5 47. b3 axb3+ 48. Kxb3 h4 $1 49. Rxd5 g6 $2 {[%mdl 8192]} (49... Kf7 $11 {and Black stays safe.} 50. a4 Ke6) 50. a4 $18 Kf7 51. Rd4 $4 {[%mdl 8192]} (51. Kb4 $18) 51... g5 $19 {Strongly threatening ...h3.} 52. Rb4 (52. Rd5 $142 Rg8 53. Rd7+ Kg6 54. Rd6+ Kh5 55. Kb4) 52... h3 53. Kc3 h2 {Black mates.} 54. Rb1 g4 55. Kd3 g3 56. Ke3 g2 {Quite a comeback for Black.  Weighted Error Value: White=0.74/Black=0.58} 0-1